000 01106nam a2200241 a 4500
001 BRCA_8793
005 20190320210419.0
008 190417s1785----sp-#######---#000-0#spa-#
041 _alat
044 _aspa
084 _aBE173
_b.V55 1785
100 1 _aVillanuño, Mathie de (O.S.B)
_921922
245 1 0 _aSumma Conciliorum Hispanie
_bquotquot inveniri potuerunt ad usque saeculum prosimé praeteritum, epistolarum ad hispanos cum earum delectu, notis novisque dissertattionibus adornata
_copera et studio P.M.F. Mathie de Villanuño...
260 _aMatriti
_bApub Joachimum Ibarrada, S.C.R.M. Typograph
_c1785
300 _aVI, 495 p. (t.2)
_c20.5 x 15 cm.
500 _aSuperiorum permissu
500 _aEstado físico: presenta encuadernación en pergamino, con cintas rotas, algunas hojas manchadas y con una firma en el canto superior
650 1 4 _aConcilios y sínodos
_xHistoria
_yObras anteriores a 1800
_zEspaña
_921923
650 1 4 _aHistoria religiosa
_yObras abteriores a 1800
_zEspaña
_921924
700 1 _aIbarra, Joaquin
_d1725 - 1785
_eImpresor
_921271
902 _aCFM
942 _2lcc
_cB
999 _c8444
_d8444